[Event "March op"]
[Site "Toronto CAN"]
[Date "2007.03.18"]
[Round "5"]
[White "Rakov, Pavel"]
[Black "Ferreira, Alex"]
[Result "1/2-1/2"]
[WhiteElo "1876"]
[BlackElo "2093"]
[PlyCount "43"]
[GameId "2160767910701559"]
[EventDate "2007.03.16"]
[EventType "swiss"]
[EventRounds "5"]
[EventCountry "CAN"]

1. e4 d5 2. exd5 Nf6 3. d4 Nxd5 4. Nf3 Bg4 5. Bd3 e6 6. O-O c6 7. c3 Nd7 8. Nbd2 Be7 9. h3 Bh5 10. Ne4 Qc7 11. Bg5 Bxg5 12. Nexg5 N5f6 13. Re1 h6 14. Ne4 Nxe4 15. Bxe4 Nf6 16. Bc2 Qf4 17. Qd2 Qxd2 18. Nxd2 Nd5 19. g4 Bg6 20. Bxg6 fxg6 21. Rxe6+ Kf7 22. Rae1 1/2-1/2

[Event "Maritime op"]
[Site "Halifax CAN"]
[Date "2007.10.05"]
[Round "1"]
[White "Kenney, Jason"]
[Black "Jones, Chris"]
[Result "1-0"]
[WhiteElo "2182"]
[BlackElo "1772"]
[PlyCount "81"]
[GameId "2160767910684544"]
[EventDate "2007.05.10"]
[EventType "swiss"]
[EventRounds "8"]
[EventCountry "CAN"]

1. d4 Nf6 2. c4 g6 3. Nc3 Bg7 4. e4 d6 5. Nf3 O-O 6. Be2 e5 7. O-O Na6 8. Be3 Ng4 9. Bg5 Qe8 10. dxe5 dxe5 11. h3 f6 12. Bd2 Nh6 13. a3 c6 14. b4 Nc7 15. c5 Nf7 16. Re1 Qe7 17. Bc1 Be6 18. Bb2 Rad8 19. Qc2 Kh8 20. Nb1 Rd7 21. Nbd2 Rfd8 22. a4 Bh6 23. Nf1 Ng5 24. Nxg5 Bxg5 25. b5 Qf7 26. Ra3 Qe7 27. b6 axb6 28. cxb6 Ne8 29. a5 Nd6 30. Rb1 Nxe4 31. Rba1 Bd5 32. a6 bxa6 33. Rxa6 Qc5 34. Qxc5 Nxc5 35. Ra7 Rb7 36. Ba3 Nb3 37. Rxb7 Nxa1 38. Rc7 e4 39. Bb2 Nb3 40. b7 Be6 41. Bc4 1-0

[Event "Maritime op"]
[Site "Halifax CAN"]
[Date "2007.10.05"]
[Round "2"]
[White "Cashin, Ken"]
[Black "Ferreira, Paulo"]
[Result "1-0"]
[WhiteElo "1686"]
[BlackElo "1823"]
[PlyCount "107"]
[GameId "2160767910684545"]
[EventDate "2007.05.10"]
[EventType "swiss"]
[EventRounds "8"]
[EventCountry "CAN"]

1. e4 Nf6 2. e5 Nd5 3. d4 d6 4. Nf3 Nc6 5. h3 g6 6. Bc4 e6 7. O-O Bg7 8. Bxd5 exd5 9. exd6 Qxd6 10. Re1+ Be6 11. c3 O-O 12. Be3 b6 13. Qd2 Rae8 14. Na3 a6 15. Bf4 Qd7 16. Re2 f6 17. Rae1 Bf7 18. Nc2 Rxe2 19. Rxe2 Re8 20. Rxe8+ Bxe8 21. Qe2 Bf7 22. Qxa6 g5 23. Bh2 Bf8 24. Ne3 h5 25. Qd3 Ne7 26. Qa6 Nc8 27. a4 c5 28. a5 Qc6 29. axb6 Nxb6 30. Bb8 Be8 31. Ba7 Na4 32. Qxc6 Bxc6 33. dxc5 Nxb2 34. Nd4 Bb7 35. c6 Bc8 36. Nxd5 Kf7 37. Nb6 Ba6 38. c7 Nd3 39. c8=Q Bxc8 40. Nxc8 Ne5 41. Nf5 Ke6 42. Ne3 f5 43. Bd4 Nc6 44. Nc2 f4 45. Na7 Nxd4 46. Nxd4+ Kd5 47. Nab5 g4 48. hxg4 hxg4 49. Kf1 Bh6 50. Ke2 Kc4 51. f3 gxf3+ 52. Kxf3 Kd3 53. Kg4 Ke3 54. Nf5+ 1-0

[Event "Maritime op"]
[Site "Halifax CAN"]
[Date "2007.10.05"]
[Round "2"]
[White "Gonzalez Cueto, Jose"]
[Black "Kenney, Jason"]
[Result "1/2-1/2"]
[WhiteElo "1972"]
[BlackElo "2182"]
[PlyCount "46"]
[GameId "2160767910684546"]
[EventDate "2007.05.10"]
[EventType "swiss"]
[EventRounds "8"]
[EventCountry "CAN"]

1. d4 Nf6 2. Nf3 g6 3. g3 Bg7 4. Bg2 O-O 5. O-O d6 6. c4 Nc6 7. Nc3 a6 8. e4 Bg4 9. h3 Bxf3 10. Bxf3 Nd7 11. Be3 Rb8 12. Bg2 Na5 13. Qe2 e5 14. d5 c5 15. dxc6 bxc6 16. Rad1 Qc7 17. b3 Rfe8 18. Qd2 Bf8 19. Na4 Nb7 20. f4 exf4 21. gxf4 Nbc5 22. Nxc5 Nxc5 23. Bxc5 dxc5 1/2-1/2

[Event "Maritime op"]
[Site "Halifax CAN"]
[Date "2007.10.06"]
[Round "3"]
[White "Kenney, Jason"]
[Black "Fleury, Bruce"]
[Result "1-0"]
[WhiteElo "2182"]
[BlackElo "1651"]
[PlyCount "53"]
[GameId "2160767910684547"]
[EventDate "2007.05.10"]
[EventType "swiss"]
[EventRounds "8"]
[EventCountry "CAN"]

1. d4 d5 2. c4 c6 3. Nf3 Nf6 4. Nc3 Bg4 5. h3 Bh5 6. g4 Bg6 7. Ne5 h6 8. Nxg6 fxg6 9. e3 g5 10. Bd3 e6 11. Bg6+ Kd7 12. h4 gxh4 13. Qe2 Be7 14. Bd2 dxc4 15. Qxc4 Nxg4 16. Bf7 Kc7 17. Nb5+ Kb6 18. a4 a5 19. Bxe6 Nf6 20. Nc3 Na6 21. e4 Nb4 22. Rc1 g5 23. Be3 Qf8 24. d5+ Bc5 25. dxc6 Nxc6 26. Bxc5+ Qxc5 27. Nd5+ 1-0

[Event "Maritime op"]
[Site "Halifax CAN"]
[Date "2007.10.06"]
[Round "4"]
[White "Cashin, Ken"]
[Black "Newman, Eric"]
[Result "1-0"]
[WhiteElo "1686"]
[BlackElo "1610"]
[PlyCount "115"]
[GameId "2160767910684548"]
[EventDate "2007.05.10"]
[EventType "swiss"]
[EventRounds "8"]
[EventCountry "CAN"]

1. e4 e5 2. Nf3 Nc6 3. Bb5 d6 4. O-O Bd7 5. Nc3 Nf6 6. d4 exd4 7. Nxd4 Be7 8. Re1 O-O 9. h3 Nxd4 10. Qxd4 c6 11. Bf1 c5 12. Qd1 a6 13. Bf4 Bc6 14. e5 dxe5 15. Bxe5 Qb6 16. Rb1 Rfe8 17. Qd2 Rad8 18. Qf4 Rc8 19. Bd3 Bd7 20. Qh4 g6 21. Rbd1 Nh5 22. Nd5 Bxh4 23. Nxb6 Rcd8 24. Bc7 Rxe1+ 25. Rxe1 Re8 26. Rxe8+ Bxe8 27. Bd6 Bf6 28. c3 Bc6 29. g4 Ng7 30. Bxc5 Ne6 31. Be3 g5 32. Bc4 h6 33. Bd5 Nf4 34. Bxf4 gxf4 35. Bxc6 bxc6 36. Nd7 Be7 37. Kg2 Bd6 38. Kf3 Kg7 39. Ke4 a5 40. a4 f6 41. f3 Kg6 42. Nb6 Kg5 43. Nc4 Bc7 44. b4 axb4 45. cxb4 Kh4 46. a5 Kxh3 47. a6 Bb8 48. Na5 Kg3 49. Nxc6 f5+ 50. gxf5 h5 51. f6 Bd6 52. a7 h4 53. a8=Q h3 54. Qg8+ Kh2 55. Kd5 Kh1 56. Kxd6 h2 57. Qh7 Kg2 58. f7 1-0

[Event "Maritime op"]
[Site "Halifax CAN"]
[Date "2007.10.06"]
[Round "4"]
[White "Howarth, Anthony"]
[Black "Kenney, Jason"]
[Result "1/2-1/2"]
[WhiteElo "2271"]
[BlackElo "2182"]
[PlyCount "73"]
[GameId "2160767910684549"]
[EventDate "2007.05.10"]
[EventType "swiss"]
[EventRounds "8"]
[EventCountry "CAN"]

1. b3 Nf6 2. Bb2 g6 3. e3 Bg7 4. Nf3 d5 5. Be2 O-O 6. O-O c5 7. Ne5 Nbd7 8. f4 Nxe5 9. Bxe5 b6 10. Bf3 Ba6 11. d3 Rc8 12. c4 Qd7 13. Nc3 Bb7 14. Qe2 e6 15. Rad1 Ne8 16. Bxg7 Nxg7 17. g4 Rcd8 18. Qg2 Ba8 19. e4 d4 20. Ne2 f5 21. h3 Qc7 22. Rf2 e5 23. exf5 Bxf3 24. Qxf3 gxf5 25. Rg2 e4 26. dxe4 fxe4 27. Qxe4 Rfe8 28. Qc2 Re3 29. Rd3 Rde8 30. Qd2 Rxd3 31. Qxd3 Re3 32. Qd2 Rxh3 33. Rg3 Rh4 34. Nc1 Qc6 35. Qg2 Qxg2+ 36. Kxg2 h5 37. gxh5 1/2-1/2

[Event "Maritime op"]
[Site "Halifax CAN"]
[Date "2007.10.07"]
[Round "5"]
[White "Cashin, Ken"]
[Black "McKay, Brian"]
[Result "0-1"]
[WhiteElo "1686"]
[BlackElo "1836"]
[PlyCount "92"]
[GameId "2160767910684550"]
[EventDate "2007.05.10"]
[EventType "swiss"]
[EventRounds "8"]
[EventCountry "CAN"]

1. e4 g6 2. f4 Bg7 3. Nc3 d6 4. Nf3 Nd7 5. Bc4 Nh6 6. O-O O-O 7. d4 a6 8. a4 c5 9. dxc5 Nxc5 10. Kh1 Bxc3 11. bxc3 Nxe4 12. Qe1 d5 13. Bb3 e6 14. Ba3 Re8 15. c4 b6 16. cxd5 exd5 17. Ne5 Bb7 18. Rd1 d4 19. Qb4 Qh4 20. Qxb6 Ng3+ 21. Kg1 Ne2+ 22. Kh1 Bxg2+ 23. Kxg2 Nxf4+ 24. Rxf4 Qxf4 25. Bd6 Rxe5 26. Bxe5 Qe4+ 27. Kf1 Qf3+ 28. Ke1 Qe3+ 29. Kf1 Qxe5 30. Qxd4 Qxh2 31. Bd5 Re8 32. Qc4 Qh3+ 33. Bg2 Qf5+ 34. Kg1 Rc8 35. Qh4 Qc5+ 36. Kh1 Nf5 37. Qg5 Qxc2 38. Rf1 Qd3 39. Rf3 Qe4 40. Rf1 Qe5 41. Rf3 h6 42. Qd2 Ng3+ 43. Kg1 Rc1+ 44. Kf2 Ne4+ 45. Ke3 Nxd2+ 46. Kxd2 Qb2+ 0-1

[Event "Maritime op"]
[Site "Halifax CAN"]
[Date "2007.10.07"]
[Round "5"]
[White "Kenney, Jason"]
[Black "Felix, Chris"]
[Result "1-0"]
[WhiteElo "2182"]
[BlackElo "1786"]
[PlyCount "63"]
[GameId "2160767910684551"]
[EventDate "2007.05.10"]
[EventType "swiss"]
[EventRounds "8"]
[EventCountry "CAN"]

1. d4 d5 2. Nf3 Nf6 3. c4 c6 4. Nc3 dxc4 5. e4 b5 6. e5 Nd5 7. a4 e6 8. axb5 Nxc3 9. bxc3 cxb5 10. Ng5 Bb7 11. Qh5 g6 12. Qg4 Nd7 13. Qf4 f6 14. Nxe6 Qb6 15. Nxf8 Rxf8 16. Qg3 fxe5 17. dxe5 Qe6 18. f4 Nc5 19. Ba3 Qd5 20. Be2 Ne4 21. Qe3 Rf5 22. Rd1 Qf7 23. O-O a5 24. g4 Qg7 25. Bf3 Nxc3 26. Qxc3 Rxf4 27. Bc6+ Bxc6 28. Rxf4 b4 29. Qxc4 Qa7+ 30. Rf2 Bd7 31. Bc1 Rc8 32. Qg8+ 1-0

[Event "Maritime op"]
[Site "Halifax CAN"]
[Date "2007.10.07"]
[Round "6"]
[White "McKay, Brian"]
[Black "Keith-Jacques, Liam"]
[Result "1-0"]
[WhiteElo "1836"]
[BlackElo "2016"]
[PlyCount "67"]
[GameId "2160767910684552"]
[EventDate "2007.05.10"]
[EventType "swiss"]
[EventRounds "8"]
[EventCountry "CAN"]

1. e4 c5 2. Nc3 Nc6 3. Bc4 e6 4. f4 d6 5. Nf3 g6 6. O-O Bg7 7. a3 Nge7 8. Ba2 O-O 9. d3 a6 10. Ne2 d5 11. Qe1 b5 12. Qh4 dxe4 13. dxe4 Bb7 14. Ng5 h6 15. Nxf7 Kxf7 16. f5 Kg8 17. Bxh6 Nd4 18. Ng3 Nec6 19. Bg5 Qe8 20. c3 c4 21. f6 Bh8 22. cxd4 Nxd4 23. Rad1 e5 24. Qh6 Bc8 25. Rxd4 exd4 26. Rf4 Kf7 27. e5 d3 28. Rxc4 bxc4 29. Bxc4+ Qe6 30. Qh7+ Ke8 31. Bxe6 Bxf6 32. exf6 Rf7 33. Qxf7+ Kd8 34. Qe7# 1-0

[Event "Maritime op"]
[Site "Halifax CAN"]
[Date "2007.10.08"]
[Round "7"]
[White "Oussedik, Elias"]
[Black "Kenney, Jason"]
[Result "1/2-1/2"]
[WhiteElo "2026"]
[BlackElo "2182"]
[PlyCount "94"]
[GameId "2160767910684553"]
[EventDate "2007.05.10"]
[EventType "swiss"]
[EventRounds "8"]
[EventCountry "CAN"]

1. e4 c5 2. Nf3 d6 3. d4 cxd4 4. Nxd4 Nf6 5. Nc3 a6 6. Be2 e6 7. O-O Be7 8. f4 Nbd7 9. Kh1 Qc7 10. a4 b6 11. Bf3 Bb7 12. Qe1 O-O 13. g4 Rfd8 14. g5 Ne8 15. Bg2 Nf8 16. Rf3 e5 17. fxe5 dxe5 18. Nf5 Bb4 19. Bd2 Nd6 20. Nd5 Bxd5 21. Bxb4 Nxf5 22. exd5 Nd6 23. Qxe5 Ng6 24. Qd4 Qc4 25. Bc3 Qxd4 26. Bxd4 Nh4 27. Bxb6 Rdb8 28. Rb3 Nc4 29. a5 Nxg2 30. Kxg2 Re8 31. Kf2 Kf8 32. Rd1 Re5 33. Bc5+ Ke8 34. Re1 Rxe1 35. Kxe1 Rd8 36. d6 Kd7 37. Bb4 Re8+ 38. Kf2 Re5 39. Rc3 Nxa5 40. Rc7+ Ke8 41. Re7+ Rxe7 42. dxe7 Nc6 43. Bc3 Kxe7 44. Bxg7 Nb4 45. Bc3 Nxc2 46. Ke2 Na1 47. b4 Nc2 1/2-1/2

[Event "Maritime op"]
[Site "Halifax CAN"]
[Date "2007.10.08"]
[Round "8"]
[White "Cashin, Ken"]
[Black "Keith-Jacques, Liam"]
[Result "1-0"]
[WhiteElo "1686"]
[BlackElo "2019"]
[PlyCount "109"]
[GameId "2160767910684554"]
[EventDate "2007.05.10"]
[EventType "swiss"]
[EventRounds "8"]
[EventCountry "CAN"]

1. e4 c5 2. Nc3 Nc6 3. f4 g6 4. Nf3 Bg7 5. Bb5 d6 6. Bxc6+ bxc6 7. O-O e6 8. d3 Ne7 9. Qe1 O-O 10. Qh4 Qc7 11. Bd2 Ba6 12. Rae1 c4 13. f5 exf5 14. Bh6 f6 15. Kh1 cxd3 16. cxd3 Bxd3 17. Nd4 Qd7 18. Rf3 fxe4 19. Rh3 Bxh6 20. Qxh6 Rf7 21. Nxe4 Bxe4 22. Rxe4 c5 23. Nf3 Nf5 24. Qd2 d5 25. Re1 Rb8 26. b3 d4 27. Qd3 Qd5 28. Nd2 Nd6 29. Qg3 Rbb7 30. Qg4 Rbe7 31. Rf1 a5 32. a4 f5 33. Qd1 Ne4 34. Nc4 Qd8 35. Rhf3 Nd6 36. Nd2 Qb6 37. h3 Qc6 38. Re1 Rxe1+ 39. Qxe1 Qd7 40. Qe5 Qc6 41. Qe6 Qd7 42. Qe5 Nb7 43. Qb8+ Kg7 44. Qa7 Re7 45. Rf1 Re3 46. Nc4 Rxb3 47. Nxa5 Qxa4 48. Qb8 Qxa5 49. Qe5+ Kh6 50. Qf4+ g5 51. Qxf5 Qb6 52. Qf8+ Kh5 53. Qf7+ Kh4 54. Qxh7+ Kg3 55. Qf5 1-0

[Event "Maritime op"]
[Site "Halifax CAN"]
[Date "2007.10.08"]
[Round "8"]
[White "Kenney, Jason"]
[Black "Wang, Shane"]
[Result "1-0"]
[WhiteElo "2182"]
[BlackElo "1981"]
[PlyCount "69"]
[GameId "2160767910684555"]
[EventDate "2007.05.10"]
[EventType "swiss"]
[EventRounds "8"]
[EventCountry "CAN"]

1. d4 e6 2. c4 b6 3. Nf3 Bb7 4. a3 f5 5. g3 Nf6 6. Bg2 Be7 7. Nc3 O-O 8. d5 Ne4 9. O-O exd5 10. cxd5 Bc5 11. Nxe4 fxe4 12. Ng5 e3 13. f4 c6 14. b4 Be7 15. Qb3 Kh8 16. dxc6 Nxc6 17. Nf7+ Rxf7 18. Qxf7 Bf6 19. Rb1 Qc7 20. Qc4 Qd6 21. Bxe3 Re8 22. Bf2 h6 23. Rbd1 Qe7 24. e4 g5 25. Qd3 Rd8 26. e5 Bg7 27. Qg6 Ba6 28. Be4 Bf8 29. Rfe1 Rc8 30. e6 dxe6 31. Bxc6 Rxc6 32. Bd4+ Bg7 33. Bxg7+ Qxg7 34. Rd8+ Qg8 35. Qxh6# 1-0

[Event "Maritime op"]
[Site "Halifax CAN"]
[Date "2007.10.08"]
[Round "8"]
[White "McKay, Brian"]
[Black "Howarth, Anthony"]
[Result "1/2-1/2"]
[WhiteElo "1836"]
[BlackElo "2271"]
[PlyCount "50"]
[GameId "2160767910684556"]
[EventDate "2007.05.10"]
[EventType "swiss"]
[EventRounds "8"]
[EventCountry "CAN"]

1. e4 c6 2. d4 d5 3. exd5 cxd5 4. Bd3 Nc6 5. c3 Qc7 6. Ne2 Bg4 7. Bf4 Qxf4 8. Nxf4 Bxd1 9. Kxd1 e6 10. Re1 Nf6 11. a4 Bd6 12. Nh3 O-O 13. Nd2 Rfc8 14. f4 g6 15. Nf3 Ng4 16. Re2 Rc7 17. g3 Rac8 18. Ne5 Nh6 19. Nf2 Nd8 20. Kd2 a6 21. h4 Kg7 22. Rh1 b5 23. h5 f5 24. hxg6 Bxe5 25. gxh7 Bxf4+ 1/2-1/2

[Event "Mauricie ch U1600"]
[Site "Trois-Rivieres CAN"]
[Date "2007.03.16"]
[Round "1"]
[White "Pilon, Robert"]
[Black "Rousseau, Mario"]
[Result "1-0"]
[WhiteElo "1520"]
[BlackElo "1599"]
[PlyCount "75"]
[GameId "2160767910701560"]
[EventDate "2007.03.16"]
[EventType "swiss"]
[EventRounds "5"]
[EventCountry "CAN"]

1. e4 c6 2. d4 d5 3. e5 Bf5 4. Nf3 e6 5. Bd3 Bxd3 6. Qxd3 c5 7. c3 cxd4 8. cxd4 Bb4+ 9. Nc3 Nc6 10. Bd2 Bxc3 11. Bxc3 Nge7 12. Rc1 a6 13. b4 b5 14. a3 Qb6 15. O-O Nf5 16. g4 Nfe7 17. Rc2 h5 18. h3 hxg4 19. hxg4 Ng6 20. Qe3 Qd8 21. Bd2 Rc8 22. Qg5 Kd7 23. Qxd8+ Nxd8 24. Rxc8 Kxc8 25. Rc1+ Kd7 26. Bg5 Nc6 27. Kg2 Nge7 28. Bxe7 Nxe7 29. Ng5 f6 30. Nf7 Rf8 31. Nd6 Nc6 32. Nb7 fxe5 33. Nc5+ Kd6 34. Nxe6 Rf7 35. Rxc6+ Kd7 36. dxe5 Re7 37. Rd6+ Ke8 38. f4 1-0

[Event "Mauricie ch U1800"]
[Site "Trois-Rivieres CAN"]
[Date "2007.03.16"]
[Round "1"]
[White "Deschenes, Marc-Andre"]
[Black "Hayne, Alexander"]
[Result "1/2-1/2"]
[WhiteElo "1603"]
[BlackElo "1791"]
[PlyCount "124"]
[GameId "2160767910701561"]
[EventDate "2007.03.16"]
[EventType "swiss"]
[EventRounds "5"]
[EventCountry "CAN"]

1. e4 c5 2. Nf3 d6 3. d4 cxd4 4. Nxd4 Nf6 5. Nc3 g6 6. Be3 Bg7 7. f3 Nc6 8. Bc4 O-O 9. Qd2 Bd7 10. O-O-O Rc8 11. Bb3 Ne5 12. h4 h5 13. Bh6 Nc4 14. Bxc4 Rxc4 15. Bxg7 Kxg7 16. Qe2 Qc7 17. Rhe1 Rxc3 18. bxc3 Qxc3 19. Nb3 Be6 20. Qe3 Qe5 21. f4 Qb5 22. Qxa7 Bxb3 23. axb3 Rc8 24. Qe3 Qa5 25. Kb2 b5 26. Ra1 Qc7 27. c3 Nxe4 28. Ra7 Qb8 29. Qd4+ e5 30. fxe5 dxe5 31. Qd7 Nd6 32. Rf1 Rf8 33. Rc7 Qd8 34. Qxd8 Rxd8 35. Re7 e4 36. Re1 Kf6 37. Rc7 Kf5 38. g3 Kg4 39. Re3 Kh3 40. c4 Kg2 41. c5 Kf2 42. Rc3 Nf5 43. c6 Rd2+ 44. Kc1 e3 45. Rd7 Nd4 46. Rxd4 Rxd4 47. c7 Rd1+ 48. Kxd1 e2+ 49. Kc2 e1=Q 50. c8=Q Qe2+ 51. Kb1 Qd1+ 52. Kb2 Qd4 53. Qc7 b4 54. Qxf7+ Kg2 55. Qf3+ Kh2 56. Qe2+ Kh3 57. Qf1+ Kh2 58. Qe2+ Kh3 59. Qf1+ Kh2 60. Qe2+ Kh3 61. Qf1+ Kh2 62. Qe2+ Kh3 1/2-1/2

[Event "Mauricie ch U1800"]
[Site "Trois-Rivieres CAN"]
[Date "2007.03.17"]
[Round "2"]
[White "Hebert, Pierre"]
[Black "Garceau, Steve"]
[Result "1/2-1/2"]
[WhiteElo "1694"]
[BlackElo "1778"]
[PlyCount "117"]
[GameId "2160767910701562"]
[EventDate "2007.03.16"]
[EventType "swiss"]
[EventRounds "5"]
[EventCountry "CAN"]

1. d4 Nf6 2. c4 g6 3. Nc3 Bg7 4. e4 d6 5. Nf3 O-O 6. Be2 Nbd7 7. O-O b6 8. Be3 Bb7 9. Qc2 c6 10. a4 Qc7 11. Qc1 Rfe8 12. Bh6 Bh8 13. Ng5 Nf8 14. f4 e5 15. dxe5 dxe5 16. f5 Bg7 17. Bxg7 Kxg7 18. fxg6 fxg6 19. Qe1 Ne6 20. Qf2 Qe7 21. Nxe6+ Qxe6 22. Rad1 Rad8 23. c5 bxc5 24. Qxc5 Rxd1 25. Rxd1 a6 26. Qb6 Qc8 27. Qc5 Qc7 28. a5 Bc8 29. b4 Qe7 30. Qxe7+ Rxe7 31. Rd6 Rc7 32. h3 Kf8 33. Rd1 Ke7 34. Kf2 c5 35. b5 axb5 36. Bxb5 Ra7 37. Ra1 Ba6 38. Bxa6 Rxa6 39. Ke3 Kd6 40. g4 c4 41. g5 Nh5 42. Nd5 Kc5 43. Ra2 Ra7 44. a6 Kb5 45. Ra1 Ng7 46. Nf6 Ne6 47. Nxh7 Rxa6 48. Rxa6 Kxa6 49. h4 Kb5 50. Nf6 Nc5 51. h5 gxh5 52. g6 Ne6 53. Nxh5 Kb4 54. Kd2 c3+ 55. Kc1 Kc4 56. g7 Nxg7 57. Nxg7 Kd3 58. Ne6 Kxe4 59. Kc2 1/2-1/2

[Event "Mauricie ch U1800"]
[Site "Trois-Rivieres CAN"]
[Date "2007.03.17"]
[Round "3"]
[White "Boileau, Alain"]
[Black "Pepelea, Valentin"]
[Result "1/2-1/2"]
[WhiteElo "1746"]
[BlackElo "1820"]
[PlyCount "23"]
[GameId "2160767910701563"]
[EventDate "2007.03.16"]
[EventType "swiss"]
[EventRounds "5"]
[EventCountry "CAN"]

1. e4 d5 2. exd5 Qxd5 3. Nc3 Qa5 4. d4 e5 5. dxe5 Bb4 6. Bd2 Qxe5+ 7. Qe2 Nc6 8. O-O-O Be6 9. Qxe5 Nxe5 10. Nb5 Bxd2+ 11. Rxd2 Rc8 12. Be2 1/2-1/2

[Event "Mauricie ch U1800"]
[Site "Trois-Rivieres CAN"]
[Date "2007.03.18"]
[Round "4"]
[White "Hayne, Alexander"]
[Black "Cloutier, Richard"]
[Result "1-0"]
[WhiteElo "1791"]
[BlackElo "1738"]
[PlyCount "81"]
[GameId "2160767910701564"]
[EventDate "2007.03.16"]
[EventType "swiss"]
[EventRounds "5"]
[EventCountry "CAN"]

1. e4 c5 2. Nf3 Nc6 3. d4 cxd4 4. Nxd4 Nf6 5. Nc3 e5 6. Nb3 Bb4 7. Bd3 d5 8. exd5 Nxd5 9. Bd2 Nxc3 10. bxc3 Be7 11. O-O O-O 12. f4 f5 13. Rf3 e4 14. Bc4+ Kh8 15. Rh3 g6 16. Qe1 Bf6 17. Be3 b6 18. Qg3 Kg7 19. Qe1 Qe7 20. Nd4 Bd7 21. Rd1 Na5 22. Bd5 Rac8 23. Bf2 Rc7 24. Bh4 Rfc8 25. Kh1 Bxh4 26. Rxh4 Rxc3 27. Nf3 Rxc2 28. Ng5 h5 29. Nf3 Be6 30. Bxe6 Qxe6 31. Nd4 Qxa2 32. Nxc2 Qxc2 33. Rh3 Rc7 34. Rg3 Nb3 35. h3 a5 36. Rd6 Qc5 37. Rdxg6+ Kf7 38. Rg7+ Kf8 39. Rxc7 Qxc7 40. Rxb3 a4 41. Qb4+ 1-0

[Event "Mauricie ch U1800"]
[Site "Trois-Rivieres CAN"]
[Date "2007.03.18"]
[Round "5"]
[White "Boileau, Alain"]
[Black "Hayne, Alexander"]
[Result "0-1"]
[WhiteElo "1746"]
[BlackElo "1791"]
[PlyCount "78"]
[GameId "2160767910701565"]
[EventDate "2007.03.16"]
[EventType "swiss"]
[EventRounds "5"]
[EventCountry "CAN"]

1. e4 c5 2. Nf3 d6 3. Bb5+ Bd7 4. Bxd7+ Nxd7 5. O-O Ngf6 6. d3 g6 7. b3 Bg7 8. Bb2 O-O 9. Nbd2 e6 10. Qe2 d5 11. h3 b5 12. c4 b4 13. Nh2 Nb6 14. f4 Re8 15. g4 Nxg4 16. Bxg7 Nxh2 17. Kxh2 Kxg7 18. Nf3 Nd7 19. e5 a5 20. h4 Nb6 21. Rg1 a4 22. Raf1 axb3 23. axb3 Ra3 24. h5 Rxb3 25. Rg4 dxc4 26. Rfg1 Qxd3 27. Qxd3 Rxd3 28. Nh4 Ra8 29. R1g2 Rh8 30. f5 Rd4 31. f6+ Kf8 32. Rxd4 cxd4 33. Nf3 d3 34. Ra2 Ke8 35. h6 b3 36. Ra7 c3 37. Nd2 b2 38. Ne4 Nc8 39. Nxc3 Nxa7 0-1

[Event "Mauricie op"]
[Site "Trois Rivieres CAN"]
[Date "2007.03.16"]
[Round "1"]
[White "Audet-Bouchard, Nicolas"]
[Black "Lemire-Paquin, Alexandre"]
[Result "1-0"]
[WhiteElo "2200"]
[BlackElo "1991"]
[PlyCount "107"]
[GameId "2160767910701566"]
[EventDate "2007.03.16"]
[EventType "swiss"]
[EventRounds "5"]
[EventCountry "CAN"]
[SourceTitle "EXT 2022"]
[Source "ChessBase"]
[SourceDate "2021.10.06"]
[SourceVersion "1"]
[SourceVersionDate "2021.10.06"]
[SourceQuality "1"]

1. c4 g6 2. Nc3 Bg7 3. g3 d6 4. Bg2 e5 5. e3 f5 6. Nge2 Nf6 7. O-O O-O 8. d3 c6 9. f4 exf4 10. Nxf4 Re8 11. h3 Na6 12. Rb1 Nc7 13. Qc2 Ne6 14. b4 Nxf4 15. exf4 h5 16. b5 Bd7 17. Ba3 Qe7 18. Kh2 h4 19. bxc6 hxg3+ 20. Kxg3 Bxc6 21. Nd5 Bxd5 22. cxd5 Rac8 23. Qd2 Rc3 24. Rfe1 Ne4+ 25. Bxe4 fxe4 26. Rb3 e3 27. Qe2 Rxb3 28. axb3 g5 29. fxg5 Qxg5+ 30. Qg4 Qe5+ 31. Qf4 Qxd5 32. Qc4 Qxc4 33. dxc4 Re6 34. Kf4 Bc3 35. Re2 Bd2 36. Bb2 Kf7 37. Bd4 a5 38. Bxe3 Bc3 39. Kf3 Rf6+ 40. Ke4 Bb4 41. Rf2 Rxf2 42. Bxf2 Ke6 43. Bd4 Be1 44. Bb2 Bg3 45. Bc3 Bh4 46. Bxa5 Bf6 47. Be1 Bb2 48. Bf2 Bf6 49. h4 Bg7 50. h5 Kf7 51. Bg3 Ke6 52. Bf2 Bf6 53. h6 Kf7 54. Bd4 1-0

[Event "Mauricie op"]
[Site "Trois Rivieres CAN"]
[Date "2007.03.16"]
[Round "1"]
[White "Beaudoin, Stephane"]
[Black "Hua, Lefong"]
[Result "0-1"]
[WhiteElo "2059"]
[BlackElo "2364"]
[PlyCount "86"]
[GameId "2160767910701567"]
[EventDate "2007.03.16"]
[EventType "swiss"]
[EventRounds "5"]
[EventCountry "CAN"]
[SourceTitle "EXT 2022"]
[Source "ChessBase"]
[SourceDate "2021.10.06"]
[SourceVersion "1"]
[SourceVersionDate "2021.10.06"]
[SourceQuality "1"]

1. e4 c5 2. Nf3 e6 3. d4 cxd4 4. Nxd4 a6 5. Bd3 Nf6 6. O-O Qc7 7. c4 Nc6 8. Nxc6 dxc6 9. Be3 e5 10. Nc3 Ng4 11. Qe2 Nxe3 12. Qxe3 Be6 13. a3 Rd8 14. Rfd1 Be7 15. Rac1 h6 16. Nd5 Bxd5 17. exd5 Bg5 18. Qg3 cxd5 19. Re1 O-O 20. Rc2 Bf4 21. Qg4 dxc4 22. Rxc4 Qa5 23. b4 Qxa3 24. Bb1 b5 25. Rc6 Qxb4 26. Qe2 Rd2 27. Qf1 Rd6 28. Rc2 Rfd8 29. Rce2 Bd2 30. Rd1 Qc3 31. g3 b4 32. Qg2 Qc4 33. Rxe5 b3 34. Qf3 b2 35. Re2 Qc1 36. Re7 Rf6 37. Qe2 g6 38. Ba2 Bc3 39. Re8+ Rxe8 40. Qxe8+ Kg7 41. Qd7 Qc2 42. Rf1 Be1 43. Qd4 b1=Q 0-1

[Event "Mauricie op"]
[Site "Trois Rivieres CAN"]
[Date "2007.03.16"]
[Round "1"]
[White "Bourassa, Samuel"]
[Black "Caire, Francois"]
[Result "0-1"]
[WhiteElo "2004"]
[BlackElo "2217"]
[PlyCount "60"]
[GameId "2160767910701569"]
[EventDate "2007.03.16"]
[EventType "swiss"]
[EventRounds "5"]
[EventCountry "CAN"]
[SourceTitle "EXT 2022"]
[Source "ChessBase"]
[SourceDate "2021.10.06"]
[SourceVersion "1"]
[SourceVersionDate "2021.10.06"]
[SourceQuality "1"]

1. e4 c5 2. Nf3 Nc6 3. d4 cxd4 4. Nxd4 e6 5. Nc3 Qc7 6. Be3 a6 7. a4 Nf6 8. Bd3 Ne5 9. h3 Bc5 10. f4 Ng6 11. e5 Nxe5 12. O-O Nxd3 13. Qxd3 d5 14. Rae1 O-O 15. Nf3 Rd8 16. Ne2 Bxe3+ 17. Qxe3 Qxc2 18. Qb6 Bd7 19. Ned4 Qc8 20. Ne5 Qb8 21. a5 Qa7 22. Qb4 Rac8 23. Rc1 Bb5 24. Rfd1 Be2 25. Rxc8 Rxc8 26. Qe7 Bxd1 27. Qxf7+ Kh8 28. Qxe6 Qxd4+ 29. Kh1 Rf8 30. Qd6 Re8 0-1

[Event "Mauricie op"]
[Site "Trois Rivieres CAN"]
[Date "2007.03.16"]
[Round "1"]
[White "Fareh, Youness"]
[Black "Angers, Gilles"]
[Result "1/2-1/2"]
[WhiteElo "2161"]
[BlackElo "1928"]
[PlyCount "38"]
[GameId "2160767910701570"]
[EventDate "2007.03.16"]
[EventType "swiss"]
[EventRounds "5"]
[EventCountry "CAN"]
[SourceTitle "EXT 2022"]
[Source "ChessBase"]
[SourceDate "2021.10.06"]
[SourceVersion "1"]
[SourceVersionDate "2021.10.06"]
[SourceQuality "1"]

1. Nf3 Nf6 2. c4 g6 3. g3 Bg7 4. Bg2 O-O 5. Nc3 d6 6. O-O c6 7. Rb1 Bf5 8. d3 Qc8 9. Re1 Bh3 10. Bh1 h6 11. b4 Ng4 12. Bd2 Qf5 13. e4 Qh5 14. Ne2 e5 15. b5 Nd7 16. a4 c5 17. Nc3 f5 18. Nd5 Rae8 19. Rb3 Ndf6 1/2-1/2